=LDR 00000nam 2200000 4500 =001 INLIS000000000027896 =005 20130612130234 =008 ***********************************Ind** =035 ##$$0010-061300000027896 =041 ##$$a Ind =082 ##$$a 398.209 598 53 =090 ##$$a 398.209 598 53, Bad w =100 ##$$a Badrun, Ahmad =245 ##$$a Waran sasak, Dongeng Sasak, Ahmad Badrun; Muralim =260 ##$$a 2007 $b Mataram =300 ##$$a v, 70 hlm, 20 cm =650 ##$$a Dongeng - Sasak =850 ##$$a NBPNMAT